LEADER 01762nam 2200529 a 450 001 9910458199203321 005 20200520144314.0 010 $a1-60780-463-8 035 $a(CKB)2560000000010481 035 $a(EBL)535798 035 $a(OCoLC)645094147 035 $a(SSID)ssj0000672547 035 $a(PQKBManifestationID)11415364 035 $a(PQKBTitleCode)TC0000672547 035 $a(PQKBWorkID)10635906 035 $a(PQKB)10432739 035 $a(OCoLC)649905739 035 $a(MiAaPQ)EBC535798 035 $a(Au-PeEL)EBL535798 035 $a(CaPaEBR)ebr10388959 035 $a(EXLCZ)992560000000010481 100 $a20150406h20101993 uy 0 101 0 $aeng 135 $aur|n|---||||| 181 $ctxt 182 $cc 183 $acr 200 10$aEquatorial Guinea$b[electronic resource] $esociety & culture /$fWorld Trade Press 205 $a2nd ed. 210 $aPetaluma, Calif. $cWorld Trade Press$dc1993-2010 [2010] 215 $a1 online resource (23 p.) 300 $aCover title. 330 $aNeed to know it all? Our all-inclusive culture report for Equatorial Guinea will get up to speed on all aspects of culture in Equatorial Guinea, including lifecycle, religion, women, superstitions & folklore, sports, holidays & festivals, and etiquette. 606 $aWomen$zEquatorial Guinea 607 $aEquatorial Guinea$xSocial life and customs 607 $aEquatorial Guinea$xDescription and travel 607 $aEquatorial Guinea$xSocial conditions 608 $aElectronic books. 615 0$aWomen 676 $a967.1803 801 0$bMiAaPQ 801 1$bMiAaPQ 801 2$bMiAaPQ 906 $aBOOK 912 $a9910458199203321 996 $aEquatorial Guinea$91963771 997 $aUNINA LEADER 01264nam a2200301 i 4500 001 991002033849707536 005 20020508185342.0 008 980126s1986 de ||| | ger 020 $a3110109581 035 $ab10949343-39ule_inst 035 $aPARLA153314$9ExL 040 $aDip.to Filosofia$bita 100 1 $aZimmermann, Albert$0384404 245 10$aAristotelisches Erbe im arabisch-lateinischen Mittelalter :$bÜbersetzungen, Kommentare, Interpretationen /$cherausgegeben von Albert Zimmermann ; für den Druck besorgt von Gudrun Vuillemin-Diem 260 $aBerlin ; New York :$bW. de Gruyter,$c1986 300 $aviii, 370 p. ;$c25 cm. 490 0 $aMiscellanea mediaevalia ;$vBd. 18 500 $aIncludes bibliographical references and index. 650 4$aAristotele 650 4$aFilosofia islamica$yMedioevo 650 4$aFilosofia medioevale 700 1 $aVuillemin-Diem, Gudrun 907 $a.b10949343$b23-02-17$c28-06-02 912 $a991002033849707536 945 $aLE005 189 M.M. v. 18$cv. 18$g1$i2005000004537$lle005$o-$pE0.00$q-$rl$s- $t0$u0$v0$w0$x0$y.i11056745$z28-06-02 996 $aAristotelisches Erbe im arabisch-lateinischen Mittelalter$9863342 997 $aUNISALENTO 998 $ale005$b01-01-98$cm$da $e-$fger$gde $h0$i1